000 05508nam0a22005531 4500
001 v19\rc\2103096
005 20260405142811.0
035 _a(NLR Aleph) 005177312
090 _a5109876
_c5109876
100 _a20090914d1825 |||y0rusy50 ca
101 0 _arus
102 _aRU
135 _acrcn 024anaba
140 _ay a bba yyyaa0000
200 1 _aИзъяснение рисунка, представляющаго вулканический остров св. Иоанна Богослова, или Агашагоха, снятаго с натуры штаб-лекарем и кавалером, действительным членом Российско-императорских ст.-петербургских обществ Минералогическаго и Фармацевтическаго, Федором Штейном, а литографированнаго известным российским художником Владимиром Погонкиным
210 _aСанкт-Петербург
_cв типографии Особенной канцеллярии Министерства внутренних дел
_d1825
215 _a6 с., [1] л. ил.
_d
300 _aЦенз.: А.С. Бируков, 17 февр. 1825 г.
300 _aЗагл. изд. обл.: Изъяснение литографическаго рисунка
300 _aИл.: "Вид вулканическаго острова Св. Иоанна Богослова или Агошагоха. Снял с натуры Ф. Штеин 1820"
300 _aИмеются 2 вар. изд. обл. Вар. 1: обл. зеленого цвета, вар. 2 - желтого. Вар. различаются также виньетками и типогр. линейками
316 _aЭкз. РНБ (18.7.4.7): вар. 1. Экз. в изд. обл. В коричневом цельнокожаном отреставрирован. пер. На верхней и нижней крышках пер. золотом вытиснены двойные орнаментальные рамки. На верхней крышке пер. бумаж. наклейка с указанием номера кн. на полке "7". На нижней крышке пер. бумаж. наклейка с шифром РНБ. На подвертке золотом вытиснена орнаментальная рамка. Левая сторона форзаца и правая сторона форзаца из тисненной оранжевой бумаги. Обрез золотой. На тит.л., с.6 и обороте [1] л. ил. круглый штамп ГПБ. Ил. раскрашена. Размер: 21,4х17,6х0,6 см
_5NLR: 18.7.4.7
316 _aЭкз. РНБ (139/665): вар. 2. Экз. в изд. обл. Экз. деф.: отсутствует [1] л. ил.
_5NLR: 139/665
317 _aВ экз. РНБ (18.7.4.7) на верхней крышке пер. вытиснена надпись: "Его императорскому высочеству великому князю Михайлу Павловичу".
_5NLR: 18.7.4.7
325 _aКопия доступна в Электрон. б-ке РНБ
512 0 _aИзъяснение литографическаго рисунка
518 1 _aИзъяснение рисунка, представляющего вулканический остров св. Иоанна Богослова, или Агашагоха, снятого с натуры штаб-лекарем и кавалером, действительным членом Российско-императорских ст.-петербургских обществ Минералогического и Фармацевтического, Федором Штейном, а литографированного известным российским художником Владимиром Погонкиным
518 1 _aИзъяснение литографического рисунка
700 1 _aШтейн
_bФ.
_gФедор
_4070
702 0 _4390
_8rus
_7ca
_aМихаил Павлович
_cвеликий князь
_f1798-1849
_3RU\NLR\AUTH\7758638
_941570
702 1 _4190
_7ca
_8rus
_aБируков
_bА. С.
_f1772-1844
_gАлександр Степанович
_9218769
_3RU\NLR\AUTH\770218825
702 1 _aПогонкин
_bВ.И.
_f1793-после 1847
_gВладимир Иванович
_4440
712 0 1 _4610
_aРоссия
_bМинистерство внутренних дел
_bОсобенная канцелярия
_bТипография
_9711190
_3RU\NLR\AUTH\880524854
801 0 _aRU
_bNLR
_gpsbo
801 1 _aRU
_bProSoft-M
_2rusmarc
852 _aNLR
_j18.7.4.7
_yВар.1
852 _aNLR
_j139/665
_yВар.2, деф.
942 _cBOOK
980 _aNB
980 3 _akpcivil2021
980 3 _akp2021
980 3 _akp
981 2 2 _a(22) Материалы по истории России
_b(22) Культура. Наука. Просвещение.
981 2 0 _a(20) Книжные памятники РНБ
_b(20) Русский книжный фонд